[Event "Hastings Weekend op-A"]
[Site "Hastings"]
[Date "2024.01.07"]
[Round "5"]
[White "Nguyen, Anh"]
[Black "Isaacs, Ruairi"]
[Result "1-0"]
[WhiteElo "1648"]
[BlackElo "1466"]
[PlyCount "50"]
[EventDate "2024.01.06"]
[EventType "swiss"]
[EventRounds "5"]
[EventCountry "ENG"]
[SourceTitle "CB02_2024"]
[SourceDate "2024.01.10"]
[SourceVersion "1"]
[SourceVersionDate "2024.01.10"]
[SourceQuality "1"]

1. e4 c5 2. Nf3 d6 3. d4 cxd4 4. Nxd4 Nf6 5. Nc3 a6 6. Be3 e5 7. Nb3 Be6 8. f3 Nbd7 9. Qd2 Be7 10. 0-0-0 b5 11. g4 Nb6 12. Qf2 Nc4 13. Bxc4 Bxc4 14. Kb1 0-0 15. h4 Qb8 16. h5 a5 17. g5 Nd7 18. g6 h6 19. Qd2 f5 20. Bxh6 f4 21. Nd5 Bd8 22. Bxg7 Kxg7 23. Rdg1 Kh6 24. g7 Rg8 25. Qg2 Bxd5 1-0

[Event "BCF-chT3 2224 (4NCL)"]
[Site "England"]
[Date "2023.11.12"]
[Round "2.22"]
[White "Varley, Joe"]
[Black "Nguyen, Anh"]
[Result "1-0"]
[WhiteElo "2083"]
[BlackElo "1924"]
[PlyCount "75"]
[EventDate "2023.11.11"]
[EventType "team-tourn"]
[EventRounds "11"]
[EventCountry "ENG"]
[SourceTitle "CB48_2023"]
[SourceDate "2023.11.29"]
[SourceVersion "1"]
[SourceVersionDate "2023.11.29"]
[SourceQuality "1"]
[WhiteTeam "Hull & East Riding Tigers"]
[BlackTeam "Sussex Martlets II"]
[WhiteTeamCountry "ENG"]
[BlackTeamCountry "ENG"]

1. e4 c5 2. Nf3 d6 3. c3 Nf6 4. h3 a6 5. Bd3 Nbd7 6. a4 g6 7. 0-0 Bg7 8. Bc2 0-0 9. d4 Qc7 10. Re1 e5 11. Nbd2 Rd8 12. Nf1 b6 13. Bg5 Nf8 14. Ne3 Be6 15. Ng4 Bxg4 16. hxg4 N8d7 17. Rc1 Re8 18. dxe5 Nxe5 19. Nxe5 Rxe5 20. Bf4 Re6 21. f3 b5 22. Qd2 Rd8 23. Rcd1 Rd7 24. Re2 Qc6 25. g5 Ne8 26. Bg3 Ree7 27. Qd5 Qxd5 28. Rxd5 b4 29. cxb4 Bxb2 30. Bd3 Nc7 31. Rxb2 Nxd5 32. exd5 Re8 33. Bxa6 cxb4 34. Bb5 Ree7 35. Bxd7 Rxd7 36. Rxb4 Kg7 37. Bf2 Rd8 38. a5 1-0

[Event "BCF-chT3E 2223 (4NCL)"]
[Site "England"]
[Date "2023.02.11"]
[Round "5.36"]
[White "Boughen, Andrew"]
[Black "Nguyen, Anh"]
[Result "1-0"]
[WhiteElo "1706"]
[BlackElo "1764"]
[PlyCount "69"]
[EventDate "2022.11.05"]
[EventType "team-tourn"]
[EventRounds "11"]
[EventCountry "ENG"]
[SourceTitle "EXT 2024"]
[Source "ChessBase"]
[SourceDate "2023.10.10"]
[SourceVersion "1"]
[SourceVersionDate "2023.10.10"]
[SourceQuality "1"]
[WhiteTeam "Surbiton"]
[BlackTeam "Sussex Martlets II"]
[WhiteTeamCountry "ENG"]
[BlackTeamCountry "ENG"]

1. d4 Nf6 2. c4 g6 3. Nc3 Bg7 4. e4 d6 5. Nf3 0-0 6. Be2 e5 7. 0-0 Nc6 8. d5 Ne7 9. Ne1 Nd7 10. Be3 f5 11. f3 f4 12. Bf2 g5 13. b4 h5 14. c5 Nf6 15. Rc1 Ne8 16. Nd3 Rf6 17. cxd6 cxd6 18. Nb5 b6 19. Nb2 a6 20. Nc3 b5 21. a4 Rb8 22. axb5 axb5 23. Nxb5 Ng6 24. Na7 Bd7 25. b5 Ne7 26. Nc6 Nxc6 27. dxc6 Bc8 28. Na4 Qe7 29. b6 Rg6 30. c7 Ra8 31. Qd5+ Kh7 32. Qxa8 g4 33. Qxc8 g3 34. Qh3 gxf2+ 35. Rxf2 1-0